| 000 | 00570nam a22002053a 4500 | ||
|---|---|---|---|
| 005 | 20230311063722.0 | ||
| 008 | 010924s1997 es r 000 0 spa d | ||
| 020 | _a8425419905 | ||
| 035 | _aUPN01000111930 | ||
| 049 | _aCG | ||
| 050 | 4 |
_aHV6626.5 _bB4.28 |
|
| 100 | 1 | _aBesten, Beate | |
| 245 | 1 | 0 |
_aAbusos sexuales en los niños / _cBeate Besten ; tr. Cristina Halberstadt. |
| 260 |
_aBarcelona, Esp. : _bHerder, _c1997. |
||
| 300 | _a178 p. | ||
| 440 | 0 |
_aResortes ; _v11 |
|
| 650 | 4 |
_aAbuso de niños _971 |
|
| 650 | 7 |
_aDelitos sexuales _2 _97343 |
|
| 905 | _aLibro | ||
| 999 |
_c85838 _d85838 |
||